01001nam a2200181Ia 4500003000900000005001700009008004100026040001300067040001300080100002300093245008900116250001200205260003600217300001800253490000600271500003500277520050700312IT-RoPAU20220918175417.0120407s9999 xx 000 0 und d aIT-RoPAU cIT-RoPAU aTodaro, Luigicssp aMaria Regina degli Apostolibnella dottrina e nella pietà di Don Giacomo Alberione a1° ed. aRomabSocietà San Paoloc1994 c21 cma151 p. v1 aPubblicazione uso manoscritto. aINDICE Presentazione; Introduzione; Capitolo I: Le tappe della vita di Don Alberione nel suo rapporto con Maria; Capitolo II: Maria Madre, Maestra, Regina degli Apostoli; Capitolo III: Valutazione del pensiero di Don Giacomo Alberione su Maria Regina degli Apostoli; Appendice: Una meditazione di Don G. Alberione su Maria, Regina degli Apostoli; Bibliografia; I. Fonti; Articoli pubblicati sulle riviste fondate o volute da Don Alberione; II. Studi; Altre fonti bibliografiche; Appendice iconografica.